| LEADER 01174nam 2200277 a 4500 |
| 001 12334106234 |
| 003 ULIB |
| 008 030417s2549 th a sb 001 0 tha |
| 050 4 6aLB1062^bส838ก 2549
|
| 100 0 ^aสุภาพ ณ นคร
|
| 245 10 ^aการพัฒนากระบวนการเรียนรู้การคิดอย่างเป็นระบบเพื่อพัฒนาบัณฑิตอุดมคติไทย /^cเรียบเรียงโดย สุภาพ ณ นคร, มกราพันธุ์ จูฑะรสก ; บรรณาธิการ กุลธิดา ท้วมสุข
|
| 250 ^aพิมพ์ครั้งที่ 1
|
| 260 ^aกรุงเทพฯ :^b[ม.ป.พ.],^c2549
|
| 300 ^a92 หน้า
|
| 650 7 ^aความคิดและการคิด^xการศึกษาและการสอน
|
| 700 0 ^aมกราพันธุ์ จูฑะรสก
|
| 700 0 ^aกุลธิดา ท้วมสุข,^eบรรณาธิการ
|
| 913 ^aImported by ULIBM Administrator
|
| 949 ^aImport form external file by ULIBM system
|
| 999 ^aสุณิสา
|